zpět

Detail výsledku týmu

U Buriana, Třinec

Datum a čas kvízu

29 Celkem bodů Celkový počet nahraných bodů na tomto kvízu bez doplňovacích otázek.
6. Pořadí na kvízu Konečné umístění týmu na tomto kvízu.

Zaznamenané odpovědi

# Otázka Odpověď Body Výsledky
1. Ručně a stručně vyřešila své p... v Brně 1
2. Vláda jedné země chystá poměrn... Austrálie 1
3. Který bývalý člen kanceláře pr... Jiří Ovčáček 1
4. Minulý týden jsme se dozvěděli... 5 000 Kčs 0
5. V nominaci německé fotbalové r... Lotyšsko 0
6. Napište názvy dvou filmů Zacka... 300: Bitva u Thermopyl, 300: Vzestup říše 0.5
7. Nyní se podíváme na film režis... Křižáček 0
8. Německý film režiséra Edwarda... Na západní frontě klid, Erich Maria Remarque 1
9. Protektor je film režiséra Mar... Jana Plodková, Marek Daniel 0.5
10. Napište název filmu, z něhož p... Nepřítel před branami 1